Totta vai tarua? - Helppo maantiede - Statistics

Yleistilastot
  • Tätä visaa on pelattu 2 265 kertaa
    2 264 viimeisimmän päivityksen jälkeen
  • Keskiarvotulos 13 / 15
Vastaustilastot
Kysymys Vastaus % Oikein
Kanadan lipussa on vaahteranlehti Totta
98%
Maailman korkein vuori sijaitsee Yhdysvalloissa Tarua
97%
Kiinassa on enemmän asukkaita kuin Yhdysvalloissa Totta
97%
On olemassa valtio, jonka nimi eroaa valtion Iran nimestä vain yhden kirjaimen verran Totta
97%
Yli puolet Maan pinta-alasta on veden peitossa Totta
95%
Venäjä on pidempi lännestä itään kuin etelästä pohjoiseen Totta
94%
On olemassa valtio, jonka nimi on Tšad Totta
92%
Suurinta osaa Grönlannista peittävät rehevät metsät ja ruohomaat, minkä vuoksi sen nimi on GRÖNlanti (=vihreä maa) Tarua
90%
Egypti sijaitsee Pohjois-Afrikassa Totta
90%
Lentomatka Lontoosta Pariisiin kestää keskimäärin noin 5 tai 6 tuntia Tarua
88%
Mumbai on Intian pääkaupunki Tarua
81%
Joinakin vuosina Amazonjoki kuivuu kokonaan Tarua
74%
Brasilian virallinen kieli on espanja Tarua
68%
Päiväntasaajan pohjoispuolella asuu enemmän ihmisiä kuin sen eteläpuolella Totta
66%
Skotlanti on osa Englantia Tarua
59%
Ehtoja vastaavia visoja ei löytynyt
Tulosjakauma
Jokaisen tuloksen saaneiden osuus
Persentiili vastausten määrän mukaan
Tuloshistoriasi
Et ole pelannut tätä visaa sen viimeisimmän päivityksen jälkeen